Vibračné spektrá a konformačná analýza 2-(bromometyl)-2-metyl-1,3-dibrómpropánu : Obh. 3.6.1991 /

Saved in:
Bibliographic Details
Main Author: Piatrik, Roman (Author)
Format: Manuscript Book
Language:Slovak
Published: Bratislava : SVŠT v Bratislave ChtF, 1991
Tags: Add Tag
No Tags, Be the first to tag this record!

MARC

LEADER 00000ntm a22000003a 4500
001 stu17503
005 20150617225755.9
008 910618s1991----cs------------------slo-d
040 |a STU  |b slo 
041 0 |a slo 
044 |a cs 
100 1 |a Piatrik, Roman  |4 aut 
245 1 |a Vibračné spektrá a konformačná analýza 2-(bromometyl)-2-metyl-1,3-dibrómpropánu :  |b Obh. 3.6.1991 /  |c [aut.]Piatrik,Roman 
260 |a Bratislava :  |b SVŠT v Bratislave ChtF,  |c 1991 
300 |a 65 s :  |b Tab.,grafy,lit 
500 |a Špec.:Fyzikálna chémia 
996 |b CD10609  |c C*D10609  |l CCI  |s A  |a 24  |w stu17503_0001